000 00575nam a2200169Ia 4500
003 GCL
008 140319s9999 xx 000 0 ara d
040 _aGCL /
_cGCL
082 0 4 _a817.008
_bا ا
100 1 _aاميلى يعقوب كرم
245 1 0 _aاحلى طرائف ونوادر الخلفاء والملوك /
_cاميلى يعقوب كرم
260 _a[S.N] :
_bجروس برس ،
_c1993
300 _a128 ص
490 _aسلسلة احلى الطرائف والنوادر
_v0
650 0 4 _aالاهاجى والفكاهات العربية
942 _2ddc
_cBK
999 _c39297
_d39297